Kernel smoothing
Αποθηκεύτηκε σε:
| Κύριος συγγραφέας: | |
|---|---|
| Άλλοι συγγραφείς: | |
| Μορφή: | Βιβλίο |
| Γλώσσα: | English |
| Δημοσίευση: |
London ; New York :
Chapman & Hall,
1995
|
| Έκδοση: | 1st ed. |
| Σειρά: | Monographs on statistics and applied probability ;
; v. 60 |
| Θέματα: | |
| Ετικέτες: |
Προσθήκη ετικέτας
Δεν υπάρχουν, Καταχωρήστε ετικέτα πρώτοι!
|
MARC
| LEADER | 00000nam a2200000 i 4500 | ||
|---|---|---|---|
| 001 | 1/5325 | ||
| 008 | 000602s1995 eng d | ||
| 020 | |a 0-412-55270-1 | ||
| 035 | |l 10061543 | ||
| 040 | |a GR-MY-UA |b gre |e aacr | ||
| 041 | 0 | |a eng | |
| 082 | 0 | |a 515.98 | |
| 100 | 1 | |a Wand, M.P. | |
| 245 | 1 | 0 | |a Kernel smoothing / |c M.P. Wand, M.C. Jones |
| 250 | |a 1st ed. | ||
| 260 | |a London ; New York : |b Chapman & Hall, |c 1995 | ||
| 300 | |a xii, 212 p.; |b ill.; |c 23 cm. | ||
| 490 | 1 | |a Monographs on statistics and applied probability |v ; v. 60 | |
| 504 | |a Includes bibliographical references and index | ||
| 650 | 0 | 0 | |a Kernel functions. |
| 650 | 0 | 0 | |a Smoothing (Statistics) |
| 700 | 1 | |a Jones, M. C. | |
| 830 | 0 | |a Monographs on statistics and applied probability ; |v ; v. 60 | |
| 852 | |a INST |b SAMOS |e 20000602 |h 515.98 WAN |p 005300019720 |q 005300019720 |t BK |y 0 | ||
| 901 | |a BIBL3-2000-2 | ||
| 909 | |a Σ |b 078785 | ||
| 922 | |a 3ΕΛΗ |b 200005 |c ΚΠΣ |d ΠΑΠΑΣΩΤΗΡΙΟΥ | ||
| 950 | |a 116-1999-12-31 | ||
| 970 | |a ΚΟΣΙΕΡΗΣ |b ΧΡΗΣΤΟΣ |z 2000/08/21 | ||